EVALUATION OF FETAL BREATHING MOVEMENTS & UTERINE ACTIVITY AS PREDICTORS OF SUCCESSFUL INDUCTION IN PROLONGED PREGNANCIES (Record no. 26537)

MARC details
000 -LEADER
fixed length control field 00410nam a22001457a 4500
003 - CONTROL NUMBER IDENTIFIER
control field SGT
082 ## - DEWEY DECIMAL CLASSIFICATION NUMBER
Classification number 618.2
Item number E94A
100 ## - MAIN ENTRY--PERSONAL NAME
Personal name JINGU, ANURADHA
245 ## - TITLE STATEMENT
Title EVALUATION OF FETAL BREATHING MOVEMENTS & UTERINE ACTIVITY AS PREDICTORS OF SUCCESSFUL INDUCTION IN PROLONGED PREGNANCIES
260 ## - PUBLICATION, DISTRIBUTION, ETC. (IMPRINT)
Place of publication, distribution, etc DELHI
Name of publisher, distributor, etc UNIVERSITY OF DELHI
Year of Publication 1994
300 ## - PAGE DESCRIPTION
No. of Pages 78
650 ## - SUBJECT ADDED ENTRY--TOPICAL TERM
Topical term or geographic name as entry element OBST. & GYNE
653 ## - KEYWORDS--INDEX TERM
Keyword term M.D
942 ## - ADDED ENTRY ELEMENTS (KOHA)
Source of classification or shelving scheme Dewey Decimal Classification
Koha item type Thesis/Dissertation
Holdings
Withdrawn status Lost status Source of classification or shelving scheme Damaged status Use restrictions Not for loan Collection code Home library Current library Shelving location Date acquired Total Checkouts Full call number Accession No. (Barcode) Date last seen Bill Date Koha item type
    Dewey Decimal Classification   Restricted Access Not For Loan MEDICAL SGT Medical Library SGT Medical Library Reference Book 25/06/2024   618.2 E94A DT1792 25/06/2024 25/06/2024 Thesis/Dissertation